Normal view MARC view

Entry Personal Name

Number of records used in: 1

001 - CONTROL NUMBER

  • control field: 1082379

003 - CONTROL NUMBER IDENTIFIER

  • control field: OSt

005 - DATE AND TIME OF LATEST TRANSACTION

  • control field: 20260121171937.0

008 - FIXED-LENGTH DATA ELEMENTS

  • fixed length control field: 260121|| aca||aabn | a|a d

040 ## - CATALOGING SOURCE

  • Original cataloging agency: OSt
  • Transcribing agency: OSt

100 ## - HEADING--PERSONAL NAME

  • Personal name: Carmelo Pellejero Martínez, Marta Luque Aranda

670 ## - SOURCE DATA FOUND

  • Source citation: Work cat.: (OSt)1648112: Carmelo Pellejero Martínez, Marta Luque Aranda, Inter and Post-war Tourism in Western Europe, 1916–1960
Copyright @ Delhi University Library System